| Поле | Инд. | ПП | Название | Значение |
|---|---|---|---|---|
| Тип записи | a | |||
| Библиографический уровень | m | |||
| 001 | Контрольный номер | 38608474-0295-42f4-a430-d107abab565c | ||
| 005 | Дата корректировки | 20140703141858.7 | ||
| 008 | Кодируемые данные | 060203 | ||
| 020 | a | ISBN | 5-7567-0306-3 | |
| c | Цена, тираж | 130.00 | ||
| 040 | a | Служба первич. каталог. | НБ ТвГУ | |
| 041 | a | Код языка текста | rus | |
| 080 | a | Индекс УДК | 070.42(075.8) | |
| 084 | a | Индекс другой классификации/Индекс ББК | Ч612.18я73-1 | |
| 090 | x | Авторский знак | Л17 | |
| a | Полочн. индекс | Ч612.1 | ||
| 100 | 1_ | a | Автор | Лазутина Галина Викторовна |
| 245 | 10 | a | Заглавие | Основы творческой деятельности журналиста |
| b | Продолж. заглавия | учеб. для студентов вузов, обучающихся по специальности "Журналистика" | ||
| c | Ответственность | Г. В. Лазутина | ||
| 250 | a | Основные сведения об издании | 2-е изд., перераб. и доп. | |
| 260 | 0_ | a | Место издания | Москва |
| b | Издательство | Аспект Пресс | ||
| c | Дата издания | 2006 | ||
| 300 | a | Объем | 239, [1] с. | |
| 583 | a | Действие | Получение впервые 34 31.01.2006 | |
| k | Исполнитель действия | Дар ООО"Книжный мир" | ||
| 583 | a | Действие | Приписка 447 21.11.2006 | |
| k | Исполнитель действия | ООО "Кроун" | ||
| 583 | a | Действие | Приписка 48 14.03.2007 | |
| k | Исполнитель действия | Взамен утраченных | ||
| 583 | a | Действие | Приписка 143 09.06.2008 | |
| k | Исполнитель действия | Взамен утраченных | ||
| 583 | a | Действие | Приписка 299 02.12.2008 | |
| k | Исполнитель действия | Взамен утраченных | ||
| 650 | a | Основная рубрика | Журналистика | |
| x | Основная подрубрика | Учебники для вузов | ||
| 653 | a | Ключевые слова | Журналистика | |
| a | Ключевые слова | Журналистское творчество | ||
| a | Ключевые слова | Информационные потоки | ||
| a | Ключевые слова | Этика журналиста | ||
| a | Ключевые слова | Профессиональная этика | ||
| a | Ключевые слова | Средства массовой информации | ||
| a | Ключевые слова | СМИ | ||
| 852 | t | Порядковый номер экземпляра | 2 | |
| p | Инвентарный номер | 833654 | ||
| p | Инвентарный номер | 833655 | ||
| 852 | t | Порядковый номер экземпляра | 1 | |
| p | Инвентарный номер | 833656 | ||
| 852 | t | Порядковый номер экземпляра | 46 | |
| p | Инвентарный номер | 833657 | ||
| p | Инвентарный номер | 833658 | ||
| p | Инвентарный номер | 833659 | ||
| p | Инвентарный номер | 833660 | ||
| p | Инвентарный номер | 833661 | ||
| p | Инвентарный номер | 833662 | ||
| p | Инвентарный номер | 833663 | ||
| p | Инвентарный номер | 833664 | ||
| p | Инвентарный номер | 833665 | ||
| p | Инвентарный номер | 833666 | ||
| p | Инвентарный номер | 833667 | ||
| p | Инвентарный номер | 833668 | ||
| p | Инвентарный номер | 833669 | ||
| p | Инвентарный номер | 833670 | ||
| p | Инвентарный номер | 833671 | ||
| p | Инвентарный номер | 833672 | ||
| p | Инвентарный номер | 833673 | ||
| p | Инвентарный номер | 833674 | ||
| p | Инвентарный номер | 833675 | ||
| p | Инвентарный номер | 833676 | ||
| p | Инвентарный номер | 833677 | ||
| p | Инвентарный номер | 833678 | ||
| p | Инвентарный номер | 860068 138.00 | ||
| p | Инвентарный номер | 860069 138.00 | ||
| p | Инвентарный номер | 860070 138.00 | ||
| p | Инвентарный номер | 860071 138.00 | ||
| p | Инвентарный номер | 860072 138.00 | ||
| p | Инвентарный номер | 860073 138.00 | ||
| p | Инвентарный номер | 860074 138.00 | ||
| p | Инвентарный номер | 860075 138.00 | ||
| p | Инвентарный номер | 860076 138.00 | ||
| p | Инвентарный номер | 860077 138.00 | ||
| p | Инвентарный номер | 860078 138.00 | ||
| p | Инвентарный номер | 860079 138.00 | ||
| p | Инвентарный номер | 860080 138.00 | ||
| p | Инвентарный номер | 860081 138.00 | ||
| p | Инвентарный номер | 860082 138.00 | ||
| p | Инвентарный номер | 860083 138.00 | ||
| p | Инвентарный номер | 860084 138.00 | ||
| p | Инвентарный номер | 860085 138.00 | ||
| p | Инвентарный номер | 860086 138.00 | ||
| p | Инвентарный номер | 860087 138.00 | ||
| p | Инвентарный номер | 871219 | ||
| p | Инвентарный номер | 911229 | ||
| p | Инвентарный номер | 911230 | ||
| p | Инвентарный номер | 923433 | ||
| 863 | t | 00113042 | ||
| 863 | t | 00113043 | ||
| 863 | t | 00239210 | ||
| 863 | t | 00239211 | ||
| 863 | t | 00187722 | ||
| 888 | a | Бесплатные | ||
| a | За счет средств университета | |||
| 930 | a | Новая/Ретро | учебники | |
| 952 | p | 34.2006 130.00 1 833654 | ||
| p | 34.2006 130.00 1 833655 | |||
| p | 34.2006 130.00 1 833656 | |||
| p | 34.2006 130.00 1 833657 | |||
| p | 34.2006 130.00 1 833658 | |||
| p | 34.2006 130.00 1 833659 | |||
| p | 34.2006 130.00 1 833660 | |||
| p | 34.2006 130.00 1 833661 | |||
| p | 34.2006 130.00 1 833662 | |||
| p | 34.2006 130.00 1 833663 | |||
| p | 34.2006 130.00 1 833664 | |||
| p | 34.2006 130.00 1 833665 | |||
| p | 34.2006 130.00 1 833666 | |||
| p | 34.2006 130.00 1 833667 | |||
| p | 34.2006 130.00 1 833668 | |||
| p | 34.2006 130.00 1 833669 | |||
| p | 34.2006 130.00 1 833670 | |||
| p | 34.2006 130.00 1 833671 | |||
| p | 34.2006 130.00 1 833672 | |||
| p | 34.2006 130.00 1 833673 | |||
| p | 34.2006 130.00 1 833674 | |||
| p | 34.2006 130.00 1 833675 | |||
| p | 34.2006 130.00 1 833676 | |||
| p | 34.2006 130.00 1 833677 | |||
| p | 34.2006 130.00 1 833678 | |||
| p | 447.2006 138.00 1 860068 | |||
| p | 447.2006 138.00 1 860069 | |||
| p | 447.2006 138.00 1 860070 | |||
| p | 447.2006 138.00 1 860071 | |||
| p | 447.2006 138.00 1 860072 | |||
| p | 447.2006 138.00 1 860073 | |||
| p | 447.2006 138.00 1 860074 | |||
| p | 447.2006 138.00 1 860075 | |||
| p | 447.2006 138.00 1 860076 | |||
| p | 447.2006 138.00 1 860077 | |||
| p | 447.2006 138.00 1 860078 | |||
| p | 447.2006 138.00 1 860079 | |||
| p | 447.2006 138.00 1 860080 | |||
| p | 447.2006 138.00 1 860081 | |||
| p | 447.2006 138.00 1 860082 | |||
| p | 447.2006 138.00 1 860083 | |||
| p | 447.2006 138.00 1 860084 | |||
| p | 447.2006 138.00 1 860085 | |||
| p | 447.2006 138.00 1 860086 | |||
| p | 447.2006 138.00 1 860087 | |||
| p | 48.2007 130.00 1 871219 | |||
| p | 143.2008 130.00 1 911229 | |||
| p | 143.2008 130.00 1 911230 | |||
| p | 299.2008 130.00 1 923433 | |||
| c | Вид литературы | К ру | ||
| 954 | a | Дата поступления на обработку | 20060206 | |
| 999 | a | Подразделение 2 | аб. | |
| a | Подразделение 2 | ч.з. | ||
| a | Подразделение 2 | уч.о. |